logo

Bir Sreshtho Munshi Abdur Rouf Library
Jhenaidah Cadet College

ঢাকার প্রাচীন নিদর্শন / (Record no. 10293)

MARC details
000 -LEADER
fixed length control field 00699nam a22002177a 4500
001 - CONTROL NUMBER
JCCL Control Number 10293
003 - CONTROL NUMBER IDENTIFIER
JCCL marc code OSt
005 - DATE AND TIME OF LATEST TRANSACTION
control field 20180423140351.0
008 - FIXED-LENGTH DATA ELEMENTS--GENERAL INFORMATION
fixed length control field 180423b1991 bg ||||| |||| 00| 0 ben d
035 ## - SYSTEM CONTROL NUMBER
system control number (BD-JhCC)10293
040 ## - CATALOGING SOURCE
Original cataloging agency BD-JhCC
Modifying agency BD-JhCC
041 ## - LANGUAGE CODE
Language code of Book ben
082 ## - DEWEY DECIMAL CLASSIFICATION NUMBER
Classification number 954.92208
Author mark and Year DOY 1991
100 ## - MAIN ENTRY--PERSONAL NAME
Personal name ড’য়লী, স্যর চার্লস
245 ## - TITLE STATEMENT
Title ঢাকার প্রাচীন নিদর্শন /
Statement of responsibility, etc স্যর চার্লস ড’য়লী
260 ## - PUBLICATION, DISTRIBUTION, ETC. (IMPRINT)
Place of publication, distribution, etc ঢাকা :
Name of publisher, distributor, etc একাডেমিক পাবলিশার্স
Date of publication, distribution, etc 1991.
300 ## - PHYSICAL DESCRIPTION
Pagination 100 p. :
Dimensions 34 cm.
650 ## - SUBJECT ADDED ENTRY--TOPICAL TERM
Topical term or geographic name as entry element Dhaka, Bangladesh
942 ## - ADDED ENTRY ELEMENTS (KOHA)
Source of classification or shelving scheme Dewey Decimal Classification
Koha item type Books
Holdings
Source of classification or shelving scheme Damaged status Not for loan Home library Current library Shelving location Date of accession Total Checkouts Full call number Barcode Date last seen Copy number Koha item type
Dewey Decimal Classification     JCC Rouf Library JCC Rouf Library General Stacks 04/23/2018   954.92208 DOY 1991 13336 04/23/2018 C-1 Books

JCC Library | Contacts | JCC Home

Last Update on 23 September 2017
Copyright @ 2017-2020 JCC Rouf Library
Rouf Library, Jhenidah Cadet College (JCC), Bangladesh